000 00372nam a22001217a 4500
999 _c15125
_d15125
008 200304b ||||| |||| 00| 0 eng d
100 _941866
_aGuerrero, Amadis Ma.
245 _aBalagtas and the Aetas/
_cAmadis Ma. Guerrero.
260 _aPhilippines;
_bPhilippine Daily Inquirer,
_c©2019.
300 _apage C6;
_c29.5cm.
650 _aSpeeches.
_941867
942 _2ddc
_cPER